Entry Nombre personal
001 - NÚMERO DE CONTROL
- campo de control: 21244
003 - IDENTIFICADOR DE NÚMERO DE CONTROL
- campo de control: SpMaBN
005 - FECHA Y HORA DE LA ÚLTIMA TRANSACCIÓN
- campo de control: 20250819040639.0
008 - ELEMENTOS DE DATO DE LONGITUD-FIJA
- campo de control de longitud fija: 901002nn aijnnaabn a aaa
016 ## - NÚMERO DE CONTROL DE UNA AGENCIA BIBLIOGRÁFICA NACIONAL
- Número de control del registro: BNE19911471519
024 7# - IDENTIFICADOR DE OTROS ESTÁNDARES
- Número estándar o código: http://viaf.org/viaf/30333378/
- Fuente: viaf
024 8# - IDENTIFICADOR DE OTROS ESTÁNDARES
- Número estándar o código: https://www.museodelprado.es/coleccion/artista/wd/8081e702-efe 8-47df-929d-693a2a18a790
024 7# - IDENTIFICADOR DE OTROS ESTÁNDARES
- Número estándar o código: https://isni.org/isni/000000011614877X
- Fuente: isni
024 7# - IDENTIFICADOR DE OTROS ESTÁNDARES
- Número estándar o código: http://www.wikidata.org/entity/Q380897
- Fuente: wikidata
040 ## - FUENTE DE CATALOGACIÓN
- Centro catalogador/agencia de origen: SpMaBN
- Lengua de catalogación: spa
- Centro/agencia transcriptor: SpMaBN
- Normas de descripción: rdc
- Convención/Normas de encabezamiento de materia/tesauro: embne
046 ## - FECHAS CON CODIFICACIÓN ESPECIAL
- Fecha de nacimiento: 1682
- Fecha de la muerte: 1752
100 1# - ENCABEZAMIENTO-NOMBRE DE PERSONA
- Nombre de persona: Amigoni, Jacopo,
- Fechas asociadas al nombre: 1682-1752
370 ## - LUGAR ASOCIADO
- Lugar de nacimiento: Nápoles
- Número de control del registro de autoridad o número normalizado: XX451195
- Fuente de información: Wikidata
373 ## - GRUPO ASOCIADO
- Grupo asociado: Rococó
- Fuente de información: Wikidata
374 ## - OCUPACIÓN
- Ocupación: Pintores
- Fuente de información: Wikidata
375 ## - GÉNERO/SEXO
- Género: Masculino
377 ## - IDIOMA ASOCIADO
- Código del idioma: ita
- Término de lengua/lenguaje: Italiano
400 1# - TRAZADO DE VÉASE--NOMBRE DE PERSONA
- Nombre de persona: Amiconi, Jacobus,
- Fechas asociadas al nombre: 1682-1752
400 1# - TRAZADO DE VÉASE--NOMBRE DE PERSONA
- Nombre de persona: Amiconi, Jacopo,
- Fechas asociadas al nombre: 1682-1752
670 ## - FUENTE DE DATOS ENCONTRADOS
- Cita de la fuente: Jacopo Amigoni Frühwerk in Süddeutschland, 1986
670 ## - FUENTE DE DATOS ENCONTRADOS
- Cita de la fuente: Bénézit
- Información encontrada: (Amigoni, Jacopo ou Amiconi; n. en 1675 ó 1682 en Venecia, según otros en Napoles en 1682, m. en 1752 en Madrid; pintor y grabador)
670 ## - FUENTE DE DATOS ENCONTRADOS
- Cita de la fuente: ULAN
- Información encontrada: (Amigoni, Jacopo; pintor italiano; n. ca. 1685, m. 1752)
